000
00333nam a22001457a 4500
999
_c
7957
_d
7957
003
OSt
005
20200610134952.0
008
200610b ||||| |||| 00| 0 eng d
020
_a
9788496263710
082
_a
728.314
_b
BRO
100
_a
Broto, Carles
245
_a
Apartment interiors
260
_a
Spain
_b
Links
_c
2006
942
_2
ddc